| 000 | 00000cas 2200000zi 4500 |
| 001 | 9.958938 |
| 003 | CaOODSP |
| 005 | 20260323125823 |
| 006 | m o d f |
| 007 | cr ||||||||||| |
| 008 | 260114c20269999oncux m o f0###a0eng|d |
| 022 | |a3110-9195 |
| 040 | |aCaOODSP|beng|erda|cCaOODSP |
| 041 | 0 |aeng |
| 043 | |an-cn--- |
| 086 | 1 |aFB3-8E-PDF |
| 222 | 0|aStaff analytical paper |
| 245 | 00|aStaff analytical paper = |bdocument analytique du personnel. |
| 246 | 31|aDocument analytique du personnel |
| 264 | 1|a[Ottawa] : |bBank of Canada = Banque du Canada, |c[2026]- |
| 310 | |aIrregular |
| 336 | |atext|btxt|2rdacontent |
| 337 | |acomputer|bc|2rdamedia |
| 338 | |aonline resource|bcr|2rdacarrier |
| 362 | 1 |aBegan with : 202601, |
| 580 | |aMerger of: Staff analytical note; Discussion paper; and, Technical report. |
| 710 | 2 |aBank of Canada, |eissuing body. |
| 780 | 00|tStaff analytical note |w(CaOODSP)9.807323 |
| 780 | 00|tStaff discussion paper = |w(CaOODSP)9.806273 |
| 780 | 00|tTechnical report.|w(CaOODSP)9.505019 |